| 000 | 00452pab a2200169 454500 | ||
|---|---|---|---|
| 008 | 180718b2008 xxu||||| |||| 00| 0 eng d | ||
| 100 | _aKlarner, Carl E. | ||
| 245 | _aWhy do governors issue vetoes? The impact of individual and institutional influences | ||
| 260 | _c2008 | ||
| 300 | _ap.574-84. | ||
| 362 | _aDec | ||
| 650 | _aGovernors | ||
| 700 | _aKarch, Andrew | ||
| 773 | _aPolice Research and Development | ||
| 908 | _aN | ||
| 909 | _a81196 | ||
| 999 |
_c81196 _d81196 |
||